Popular Middle Names for Boys Quiz Stats

Quiz not verified by Sporcle

Also try: Food Aliases
Challenge
Share
Tweet
Embed
Score 0/120 Timer 10:00
1 Play Today
Hint Answer % Correct
1900-1909John
95.3%
1910-1919John
95.3%
1920-1929John
95.3%
1930-1939John
95.3%
1900-1909James
93.3%
1910-1919James
93.3%
1920-1929James
93.3%
1930-1939James
93.3%
1940-1949James
93.3%
1950-1959James
93.3%
1960-1969James
93.3%
1970-1979James
93.3%
1980-1989James
93.3%
1990-1999James
93.3%
2000-2009James
93.3%
2010-2015James
93.3%
1900-1909William
89.9%
1910-1919William
89.9%
1920-1929William
89.9%
1930-1939William
89.9%
1940-1949William
89.9%
1950-1959William
89.9%
1970-1979William
89.9%
1980-1989William
89.9%
1990-1999William
89.9%
2000-2009William
89.9%
2010-2015William
89.9%
1940-1949Michael
88.7%
1950-1959Michael
88.7%
1960-1969Michael
88.7%
1970-1979MIchael
88.7%
1980-1989Michael
88.7%
1990-1999Michael
88.7%
2000-2009Michael
88.7%
2010-2015Michael
88.7%
1970-1979David
86%
1980-1989David
86%
1990-1999David
86%
2000-2009David
86%
2010-2015David
86%
Hint Answer % Correct
1920-1929Robert
85.1%
1930-1939Robert
85.1%
1980-1989Robert
85.1%
1990-1999Robert
85.1%
2000-2009Robert
85.1%
2010-2015Robert
85.1%
1990-1999Thomas
83.7%
2000-2009Thomas
83.7%
2010-2015Matthew
79.4%
1900-1909George
79%
1910-1919George
79%
1900-1909Joseph
78%
1910-1919Joseph
78%
1920-1929Joseph
78%
1930-1939Joseph
78%
1940-1949Joseph
78%
1950-1959Joseph
78%
1960-1969Joseph
78%
1970-1979Joseph
78%
1980-1989Joseph
78%
1990-1999Joseph
78%
2000-2009Joseph
78%
2010-2015Joseph
78%
1900-1909Charles
77.8%
1910-1919Charles
77.8%
1920-1929Charles
77.8%
1930-1939Richard
76.8%
2010-2015Andrew
76.7%
1900-1909Edward
76.3%
1910-1919Edward
76.3%
1920-1929Edward
76.3%
1930-1939Edward
76.3%
1940-1949Edward
76.3%
1950-1959Edward
76.3%
1960-1969Edward
76.3%
1970-1979Edward
76.3%
1980-1989Edward
76.3%
1900-1909Henry
74.3%
1910-1919Henry
74.3%
1920-1929Henry
74.3%
Hint Answer % Correct
2010-2015Alexander
64.6%
1960-1969Anthony
63.5%
1970-1979Anthony
63.5%
1980-1989Anthony
63.5%
1990-1999Anthony
63.5%
2000-2009Anthony
63.5%
1960-1969Alan
53.5%
1900-1909Francis
50.9%
1910-1919Francis
50.9%
1900-1909Lee
49.5%
1910-1919Lee
49.5%
1920-1929Lee
49.5%
1930-1939Lee
49.5%
1940-1949Lee
49.5%
1950-1959Lee
49.5%
1960-1969Lee
49.5%
1970-1979Lee
49.5%
1980-1989Lee
49.5%
1990-1999Lee
49.5%
2000-2009Lee
49.5%
2010-2015Lee
49.5%
1940-1949Allen
46.8%
1950-1959Allen
46.8%
1960-1969Allen
46.8%
1970-1979Allen
46.8%
1980-1989Allen
46.8%
1990-1999Allen
46.8%
2000-2009Allen
46.8%
1960-1969Scott
46.2%
1930-1939Ray
44.4%
1940-1949Ray
44.4%
1950-1959Ray
44.4%
1940-1949Wayne
29.3%
1950-1959Wayne
29.3%
1960-1969Wayne
29.3%
1970-1979Wayne
29.3%
1920-1929Eugene
20.7%
1930-1939Eugene
20.7%
1940-1949Eugene
20.7%
1950-1959Eugene
20.7%

You're not logged in!

Compare scores with friends on all Sporcle quizzes.
Sign Up with Email
OR
Log In

You Might Also Like...

Show Comments

Extras

Top Quizzes Today


Score Distribution

Your Account Isn't Verified!

In order to create a playlist on Sporcle, you need to verify the email address you used during registration. Go to your Sporcle Settings to finish the process.